000 01100nam a2200265Ia 4500
003 OSt
005 20221005104731.0
006 a|||||r|||| 00| 0
007 ta
008 221004b |||||||| |||| 00| 0 hin d
020 _a9789380172002 (pbk)
_c360
024 _a8725
037 _b20474, 08/01/2014, Hindi Madhyam Karyanvyan Nideshalye
_cTextual
040 _aCRL
_cCRL
_bhin
041 _2hin
_ahin
082 _aV2.G, 152P8
100 _aथापर, रोमिला
245 0 _aपूर्वकालीन भारत
_b प्रारंभ से 1300ई. तक
246 _aPūrvakālīn bhārata: prāranbha se 1300ī. Taka
260 _aदिल्ली
_bविश्वविद्यालय हिन्दी माध्यम कार्यान्वय निदेशालय भारत
_c2008
300 _a654पृ0
_ccm.
650 _aविश्व-इतिहास
942 _hV2.G, 152P8
_cTEXL
_2cc
999 _c1013625
_d1013625